[Event "Arandjelovac ASK-6 GM"]
[Site "Arandjelovac"]
[Date "2022.01.31"]
[Round "1"]
[White "Pavlidis, Anastasios"]
[Black "Damljanovic, Branko"]
[Result "0-1"]
[WhiteElo "2337"]
[BlackElo "2464"]
[PlyCount "104"]
[EventDate "2022.01.31"]
[EventType "tourn"]
[EventRounds "9"]
[EventCountry "SRB"]
[EventCategory "6"]
[SourceTitle "CBM 206 Extra"]
[Source "ChessBase"]
[SourceDate "2022.03.31"]
[SourceVersion "1"]
[SourceVersionDate "2022.03.31"]
[SourceQuality "1"]

1. d4 Nf6 2. c4 g6 3. Nc3 Bg7 4. e4 d6 5. Nf3 0-0 6. Be2 e5 7. Be3 c6 8. d5 Ng4 9. Bg5 f6 10. Bd2 Na6 11. 0-0 f5 12. Ne1 Nf6 13. f3 f4 14. Nd3 c5 15. a3 g5 16. b4 h5 17. bxc5 Nxc5 18. Nxc5 dxc5 19. h3 Rf7 20. Be1 Bf8 21. Rf2 Rg7 22. Bf1 g4 23. Kh1 Nh7 24. d6 Ng5 25. fxg4 hxg4 26. hxg4 Ne6 27. Qd5 Qxd6 28. Nb5 Qe7 29. Rf3 a6 30. Nc3 Rh7+ 31. Rh3 Qf6 32. Kg1 Kh8 33. Rxh7+ Kxh7 34. Rb1 Rb8 35. Rb6 Bh6 36. Qd6 Ra8 37. Nd5 Qg5 38. Ne7 Bf8 39. Nxc8 Bxd6 40. Nxd6 Rb8 41. Nf5 Nd4 42. Bh4 Qxg4 43. Rh6+ Kg8 44. Bf6 Nxf5 45. exf5 Qxf5 46. Be2 Rf8 47. Rh8+ Kf7 48. Bh5+ Qxh5 49. Rxh5 Kxf6 50. Rh6+ Kf5 51. Rh7 Rb8 52. Rc7 b6 0-1

[Event "Titled Tuesday intern op 30th Nov"]
[Site "Chess.com INT"]
[Date "2021.11.30"]
[Round "4"]
[White "Otchiyev, Arslan"]
[Black "Pavlidis, Anastasios"]
[Result "1/2-1/2"]
[WhiteElo "2326"]
[BlackElo "2337"]
[PlyCount "128"]
[EventDate "2021.11.30"]
[EventType "swiss (blitz)"]
[EventRounds "11"]
[EventCountry "USA"]
[SourceTitle "CBM 205 Extra"]
[Source "ChessBase"]
[SourceDate "2022.01.31"]
[SourceVersion "1"]
[SourceVersionDate "2022.01.31"]
[SourceQuality "1"]

1. e4 c6 2. d4 d5 3. e5 c5 4. dxc5 e6 5. Nf3 Bxc5 6. a3 a5 7. Bd3 Nc6 8. b3 Nge7 9. Bb2 Ng6 10. 0-0 0-0 11. Re1 b6 12. Nc3 Ba6 13. Nb5 Qe7 14. Qd2 Bb7 15. c3 Qd7 16. b4 Be7 17. Nbd4 Nxd4 18. Nxd4 Ba6 19. Bc2 Qc7 20. f4 Rac8 21. f5 Nxe5 22. fxe6 Nc4 23. Qc1 Nxb2 24. Qxb2 Qxc3 25. Qxc3 Rxc3 26. Nf5 Bf6 27. e7 Re8 28. Bd1 g6 29. b5 gxf5 30. bxa6 Rxe7 31. Rxe7 Bxe7 32. a7 Rc8 33. Bf3 Ra8 34. Bxd5 Rxa7 35. a4 Rd7 36. Rd1 Kg7 37. Kf2 Kf6 38. Bb3 Rc7 39. Rd3 Bc5+ 40. Kf3 Re7 41. h3 h5 42. Bc2 Re4 43. Rc3 Rd4 44. Rd3 Rxd3+ 45. Bxd3 h4 46. Bc4 Bd6 47. Bd3 Ke5 48. Bc4 f6 49. Bb5 Bc5 50. Bd7 Bd4 51. Bc8 f4 52. Ba6 Be3 53. Bd3 Bd2 54. Bb5 Be1 55. Kg4 Bg3 56. Bd3 Kd4 57. Bb5 Kc5 58. Kf5 Kd4 59. Kxf6 Ke3 60. Kg5 Kf2 61. Bc6 Ke3 62. Kg4 Kd4 63. Bb5 Kc5 64. Kf3 Kb4 1/2-1/2

[Event "Titled Tuesday intern op 30th Nov"]
[Site "Chess.com INT"]
[Date "2021.11.30"]
[Round "1"]
[White "Pavlidis, Anastasios"]
[Black "Grinev, Valeriy"]
[Result "0-1"]
[WhiteElo "2337"]
[BlackElo "2422"]
[PlyCount "86"]
[EventDate "2021.11.30"]
[EventType "swiss (blitz)"]
[EventRounds "11"]
[EventCountry "USA"]
[SourceTitle "CBM 205 Extra"]
[Source "ChessBase"]
[SourceDate "2022.01.31"]
[SourceVersion "1"]
[SourceVersionDate "2022.01.31"]
[SourceQuality "1"]

1. e4 Nf6 2. e5 Nd5 3. d4 d6 4. Nf3 Bg4 5. h3 Bxf3 6. Qxf3 dxe5 7. dxe5 e6 8. Bb5+ c6 9. Bd3 Nd7 10. Bf4 Nxf4 11. Qxf4 Qa5+ 12. Nd2 Qxe5+ 13. Qxe5 Nxe5 14. Be2 0-0-0 15. 0-0-0 Bc5 16. Ne4 Be7 17. f4 Ng6 18. g3 Rxd1+ 19. Rxd1 Rd8 20. Bd3 h5 21. Ng5 Bxg5 22. Bxg6 Bxf4+ 23. gxf4 Rxd1+ 24. Kxd1 fxg6 25. Ke2 e5 26. Kf3 Kd7 27. Ke4 exf4 28. Kxf4 Ke6 29. Kg5 Kf7 30. h4 c5 31. c4 a6 32. a3 a5 33. a4 b6 34. b3 Ke6 35. Kxg6 Ke5 36. Kg5 Ke4 37. Kxh5 Kf5 38. b4 axb4 39. a5 b3 40. a6 b2 41. a7 b1Q 42. a8Q Qd1+ 43. Qf3+ Qxf3# 0-1

[Event "Titled Tuesday intern op 16th Nov"]
[Site "Chess.com INT"]
[Date "2021.11.16"]
[Round "5"]
[White "Pavlidis, Anastasios"]
[Black "Iljushina, Olga"]
[Result "0-1"]
[WhiteElo "2337"]
[BlackElo "2054"]
[PlyCount "42"]
[EventDate "2021.11.16"]
[EventType "swiss (blitz)"]
[EventRounds "11"]
[EventCountry "USA"]
[SourceTitle "CBM 205 Extra"]
[Source "ChessBase"]
[SourceDate "2022.01.31"]
[SourceVersion "1"]
[SourceVersionDate "2022.01.31"]
[SourceQuality "1"]

1. Nf3 d5 2. g3 c6 3. Bg2 Bf5 4. 0-0 e6 5. b3 Be7 6. Bb2 Bf6 7. d3 Bxb2 8. Nbd2 Bxa1 9. Qxa1 Qf6 10. Qc1 g5 11. e4 Bg6 12. e5 Qe7 13. Rd1 h5 14. c4 Nd7 15. Nf1 g4 16. Nh4 Nxe5 17. cxd5 cxd5 18. Qc3 Qf6 19. Nxg6 Nxg6 20. Qb4 N8e7 21. Qxb7 0-0 0-1

[Event "Titled Tuesday intern op 16th Nov"]
[Site "Chess.com INT"]
[Date "2021.11.16"]
[Round "10"]
[White "Samarth, J Rao"]
[Black "Pavlidis, Anastasios"]
[Result "1-0"]
[WhiteElo "1664"]
[BlackElo "2337"]
[PlyCount "71"]
[EventDate "2021.11.16"]
[EventType "swiss (blitz)"]
[EventRounds "11"]
[EventCountry "USA"]
[SourceTitle "CBM 205 Extra"]
[Source "ChessBase"]
[SourceDate "2022.01.31"]
[SourceVersion "1"]
[SourceVersionDate "2022.01.31"]
[SourceQuality "1"]

1. e4 d5 2. exd5 Qxd5 3. Nc3 Qd6 4. d4 Nf6 5. Nf3 c6 6. Ne5 Nbd7 7. Nc4 Qc7 8. Be2 e6 9. g3 b5 10. Bf4 Qd8 11. Nd6+ Bxd6 12. Bxd6 Nb6 13. Bc5 Nfd7 14. Bf3 Nd5 15. Nxd5 Nxc5 16. Nf6+ Qxf6 17. Bxc6+ Bd7 18. Bxa8 Na6 19. 0-0 0-0 20. Bg2 Nc7 21. c3 Nd5 22. a4 bxa4 23. Qf3 Qg6 24. Qe4 Qxe4 25. Bxe4 Rb8 26. Ra2 g6 27. Rfa1 Bb5 28. Bc2 Bc4 29. Rxa4 Rxb2 30. Rxc4 Rxc2 31. Rxa7 Nxc3 32. Ra8+ Kg7 33. Rac8 Ne2+ 34. Kf1 Nxd4 35. Rxc2 Nxc2 36. Rxc2 1-0

[Event "Titled Tuesday intern op 09th Nov"]
[Site "Chess.com INT"]
[Date "2021.11.09"]
[Round "2"]
[White "Fominykh, Maria"]
[Black "Pavlidis, Anastasios"]
[Result "1-0"]
[WhiteElo "2206"]
[BlackElo "2337"]
[PlyCount "59"]
[EventDate "2021.11.09"]
[EventType "swiss (blitz)"]
[EventRounds "11"]
[EventCountry "USA"]
[SourceTitle "CBM 205 Extra"]
[Source "ChessBase"]
[SourceDate "2022.01.31"]
[SourceVersion "1"]
[SourceVersionDate "2022.01.31"]
[SourceQuality "1"]

1. d4 f5 2. Bg5 g6 3. e3 Bg7 4. h4 d6 5. Nc3 Be6 6. Nge2 Nd7 7. d5 Bf7 8. Nd4 h6 9. Bf4 Ngf6 10. h5 g5 11. Nxf5 0-0 12. Bg3 Nxh5 13. Nxg7 Nxg7 14. Rxh6 Nf5 15. Rh3 Bg6 16. Qg4 e5 17. dxe6 Ne5 18. Bxe5 dxe5 19. Bc4 Kg7 20. Rd1 Qe7 21. Nd5 Qc5 22. b4 Qd6 23. Qxg5 c6 24. Nf4 Qxb4+ 25. Rd2 exf4 26. Bd3 Qe7 27. Qxf4 Qxe6 28. Bc4 Qf6 29. Rd7+ Ne7 30. Qh6# 1-0